University Home | Library Home | Institutional Repository

Laboratory exercise in microbilogy 4th ed. (Record no. 3517)

MARC details
000 -LEADER
fixed length control field 00724cam4a220024100 4500
001 - CONTROL NUMBER
control field zam00003136
008 - FIXED-LENGTH DATA ELEMENTS--GENERAL INFORMATION
fixed length control field 951128s1977 xx eng u
035 ## - SYSTEM CONTROL NUMBER
System control number (Sirsi) r20471
035 ## - SYSTEM CONTROL NUMBER
System control number (MACHINE)VSLC.
100 ## - MAIN ENTRY--PERSONAL NAME
Personal name Pelczar, M. J.
Linkage A81850.1
245 10 - TITLE STATEMENT
Title Laboratory exercise in microbilogy 4th ed.
260 ## - PUBLICATION, DISTRIBUTION, ETC.
Date of publication, distribution, etc. 1977.
591 ## -
-- Class code: VMP 430.
591 ## -
-- Course: Veterinary microbiology.
591 ## -
-- School: S10.
591 ## -
-- Lecturer: Dr. KUMAR, A.
591 ## -
-- Number of Students: 0.
949 ## - LOCAL PROCESSING INFORMATION (OCLC)
a QR63
w LC
i 33729001444186
m VETMED
p 2500
t BOOK
l ON-SHELF
949 ## - LOCAL PROCESSING INFORMATION (OCLC)
a QR63
w LC
i -19173
m VETMED
t BOOK
l ON-SHELF
900 ## - EQUIVALENCE OR CROSS-REFERENCE-PERSONAL NAME [LOCAL, CANADA]
-- VET
Field link and sequence number QR63
-- PEL
Titles and other words associated with a name 2
909 ## -
-- Book
Holdings
Withdrawn status Lost status Source of classification or shelving scheme Damaged status Not for loan Home library Current library Shelving location Total Checkouts Full call number Barcode Date last seen Copy number Price effective from Koha item type
    Library of Congress Classification     Vet Medicine Library Vet Medicine Library On Shelf   QR63 33729001444186 08/09/2019 1 08/09/2019 Book
    Library of Congress Classification     Vet Medicine Library Vet Medicine Library On Shelf   QR63 -19173 08/09/2019 2 08/09/2019 Book
© 2026 - The University of Zambia Library - Koha v25.11